Apuntes Bibliográfico-forestales ó sea Breve Resumen de los libros, folletos, artículos, impresos, manuscritos, mapas, planos y demás trabajos originales ó traducidos por autores españoles, relativos á la cria, cultivo, aprovechamiento, administracion, legislacion y economía de los montes, arbolados, plantíos, prados, caza y pesca... / (Record no. 156411)

MARC details
000 -LEADER
campo de control de longitud fija 00927nam a2200181 i 4500
001 - NÚMERO DE CONTROL
campo de control 156411
003 - IDENTIFICADOR DE NÚMERO DE CONTROL
campo de control ES-MaACL
005 - FECHA Y HORA DE LA ÚLTIMA TRANSACCIÓN
campo de control 20230906210412.0
008 - DATOS DE LONGITUD FIJA--INFORMACIÓN GENERAL
campo de control de longitud fija 981230s1873 sp |||| | spa d
040 ## - FUENTE DE CATALOGACIÓN
Centro catalogador/agencia de origen CCPB | B
Lengua de catalogación spa
Centro/agencia transcriptor CCPB | B
100 1# - ENTRADA PRINCIPAL--NOMBRE DE PERSONA
Nombre de persona Jordana y Morera, José.
9 (RLIN) 66936
245 10 - MENCIÓN DEL TÍTULO
Título Apuntes Bibliográfico-forestales ó sea Breve Resumen de los libros, folletos, artículos, impresos, manuscritos, mapas, planos y demás trabajos originales ó traducidos por autores españoles, relativos á la cria, cultivo, aprovechamiento, administracion, legislacion y economía de los montes, arbolados, plantíos, prados, caza y pesca... /
Mención de responsabilidad, etc. por José Jordana y Morera.
260 ## - PUBLICACIÓN, DISTRIBUCIÓN, ETC.
Lugar de publicación, distribución, etc. Madrid :
Nombre del editor, distribuidor, etc. [s.n.],
Fecha de publicación, distribución, etc. 1873 (
Fabricante Establecimiento tipográfico de M. Minuesa)
300 ## - DESCRIPCIÓN FÍSICA
Extensión V, 320 p. ;
Dimensiones 23 cm.
650 #4 - PUNTO DE ACCESO ADICIONAL DE MATERIA--TÉRMINO DE MATERIA
Término de materia o nombre geográfico como elemento de entrada Silvicultura-
Subdivisión de forma Bibliografías.
9 (RLIN) 164073
752 ## - ENTRADA AGREGADA--NOMBRE JERÁRQUICO DEL LUGAR
País o entidad superior España -
Ciudad Madrid
852 ## - LOCALIZACIÓN
Ubicación ES-MaACL
Número de control de estantería G-11441
Nota libre -- Enc. hol.
Holdings
Estatus retirado Estado de pérdida Fuente del sistema de clasificación o colocación Estado de daño No para préstamo Colección Biblioteca de origen Biblioteca actual Ubicación en estantería Fecha de adquisición Total de préstamos Signatura topográfica completa Código de barras Visto por última vez Precio de reemplazo Tipo de ítem Koha
    Clasificación decimal universal     Biblioteca profesional Biblioteca del Ateneo de Madrid Biblioteca del Ateneo de Madrid Sala Pecera Planta 3 17/01/2008   G-11441 1163640 23/02/2023 23/02/2023 Libro impreso antiguo